文字数11文字以上で2路線以上乗り入れる駅 - Statistics

General Stats
  • This quiz has been taken 123 times
  • The average score is 6 of 16
Answer Stats
都府県 駅名 読み 路線 % Correct
千葉県 千葉ニュータウン中央 ちばにゅーたうんちゅうおう 北総鉄道北総線、京成成田空港線
67%
福島県 会津高原尾瀬口 あいづこうげんおぜぐち 会津鉄道会津線、野岩鉄道会津鬼怒川
57%
大阪府 天神橋筋六丁目 てんじんばしすじろくちょうめ OsakaMetro谷町線、OsakaMetro堺筋線、阪急千里線
56%
東京都 羽田空港第3ターミナル はねだくうこうだいさんたーみなる 京急空港線、東京モノレール羽田空港線
55%
千葉県 流山おおたかの森 ながれやまおおたかのもり 東武野田線、つくばエクスプレス
51%
埼玉県 東武動物公園 とうぶどうぶつこうえん 東武伊勢崎線、東武日光線
49%
神奈川県 羽沢横浜国大 はざわよこはまこくだい 相鉄相鉄新横浜線、JR東海道本線
47%
東京都 新宿三丁目 しんじゅくさんちょうめ 東京メトロ丸ノ内線、東京メトロ副都心線、都営新宿線
44%
埼玉県 西武球場前 せいぶきゅうじょうまえ 西武狭山線、西武山口線
41%
大阪府 谷町九丁目 たにまちきゅうちょうめ OsakaMetro谷町線、OsakaMetro谷町線
41%
鹿児島県 鹿児島中央駅前 かごしまちゅうおうえきまえ 鹿児島市電第二期線、鹿児島市電唐湊線
39%
大阪府 万博記念公園 ばんぱくきねんこうえん 大阪モノレール本線、大阪モノレール彩都線
23%
北海道 中央図書館前 ちゅうおうとしょかんまえ 札幌市電山鼻西線、札幌市電山鼻線
13%
広島県 皆実町六丁目 みなみまちろくちょうめ 広島電鉄宇品線、皆実線
13%
富山県 中町(西町北) なかまち(にしちょうきた) 富山地方鉄道富山軌道線本線、富山都心線
10%
愛媛県 平和通一丁目 へいわどおりいっちょうめ 伊予鉄道城北線、伊予鉄道連絡線
9%
No matching quizzes found
Score Distribution
Percent of People with Each Score
Percentile by Number Answered
Your Score History
You have not taken this quiz